Christianity and change in Northeast India / (Record no. 6736)

MARC details
000 -LEADER
fixed length control field 01572cam a22004094a 4500
001 - CONTROL NUMBER
control field 15581446
003 - CONTROL NUMBER IDENTIFIER
control field GBCCL
005 - DATE AND TIME OF LATEST TRANSACTION
control field 20241126110610.0
008 - FIXED-LENGTH DATA ELEMENTS--GENERAL INFORMATION
fixed length control field 081224s2009 ii b 101 0 eng
010 ## -
-- 2009340016
020 ## - INTERNATIONAL STANDARD BOOK NUMBER
International Standard Book Number 9788180694479
020 ## - INTERNATIONAL STANDARD BOOK NUMBER
International Standard Book Number 918069447X
025 ## - OVERSEAS ACQUISITION NUMBER
Overseas acquisition number I-E-2009-340016; 13-91
035 ## - SYSTEM CONTROL NUMBER
System control number (IN-NdUBS)UBS08003674
037 ## - SOURCE OF ACQUISITION
Source of stock number/acquisition Library of Congress -- New Delhi Overseas Office
Terms of availability Rs750.00
040 ## - CATALOGING SOURCE
Original cataloging agency DLC
Transcribing agency DLC
Modifying agency DLC
042 ## -
-- lcode
043 ## -
-- a-ii---
050 00 -
-- BR115.C8
-- C4443 2009
082 ## - DEWEY DECIMAL CLASSIFICATION NUMBER
Classification number 261.09541
Item number CHR
245 00 - TITLE STATEMENT
Title Christianity and change in Northeast India /
Statement of responsibility, etc. edited by T.B. Subba, Joseph Puthenpurakal, Shaji Joseph Puykunnel.
260 ## - PUBLICATION, DISTRIBUTION, ETC.
Place of publication, distribution, etc. New Delhi :
Name of publisher, distributor, etc. Concept Pub. Co.,
Date of publication, distribution, etc. 2009.
300 ## - PHYSICAL DESCRIPTION
Extent xxi, 362 p. ;
Dimensions 22 cm.
504 ## - BIBLIOGRAPHY, ETC. NOTE
Bibliography, etc. note Includes bibliographical references and index.
520 ## - SUMMARY, ETC.
Summary, etc. Contributed seminar papers.
650 #0 - SUBJECT ADDED ENTRY--TOPICAL TERM
Topical term or geographic name entry element Christianity and culture
Geographic subdivision India, Northeastern
Form subdivision Congresses.
9 (RLIN) 12107
650 #0 - SUBJECT ADDED ENTRY--TOPICAL TERM
Topical term or geographic name entry element Christianity
Geographic subdivision India, Northeastern
General subdivision Influence
Form subdivision Congresses.
9 (RLIN) 12108
650 #0 - SUBJECT ADDED ENTRY--TOPICAL TERM
Topical term or geographic name entry element Tribes
Geographic subdivision India, Northeastern
General subdivision Social life and customs
Form subdivision Congresses.
9 (RLIN) 12109
650 #0 - SUBJECT ADDED ENTRY--TOPICAL TERM
Topical term or geographic name entry element Women in church work
Geographic subdivision India, Northeastern
Form subdivision Congresses.
9 (RLIN) 12110
700 1# - ADDED ENTRY--PERSONAL NAME
Personal name Subba, Tanka Bahadur.
9 (RLIN) 12111
700 1# - ADDED ENTRY--PERSONAL NAME
Personal name Puthenpurakal, Joseph.
9 (RLIN) 12112
700 1# - ADDED ENTRY--PERSONAL NAME
Personal name Puykunnel, Shaji Joseph.
9 (RLIN) 12113
856 41 - ELECTRONIC LOCATION AND ACCESS
Materials specified Table of contents only
Uniform Resource Identifier <a href="http://www.loc.gov/catdir/toc/fy0903/2009340016.html">http://www.loc.gov/catdir/toc/fy0903/2009340016.html</a>
906 ## - LOCAL DATA ELEMENT F, LDF (RLIN)
a 7
b cbc
c origode
d 3
e ncip
f 20
g y-gencatlg
942 ## - ADDED ENTRY ELEMENTS (KOHA)
Source of classification or shelving scheme Dewey Decimal Classification
Koha item type Books
Koha issues (borrowed), all copies 19
Holdings
Withdrawn status Lost status Source of classification or shelving scheme Damaged status Not for loan Home library Current Library Shelving location Date acquired Source of acquisition Cost, normal purchase price Total checkouts Total renewals Full call number Barcode Date last seen Date last checked out Copy number Cost, replacement price Price effective from Koha item type
    Dewey Decimal Classification     GRACE BIBLE COLLEGE GRACE BIBLE COLLEGE North East Collection 2018-06-06 7 675.00 22 3 261.09541 CHR 014718 2025-08-18 2025-08-08 c.1 750.00 2018-06-06 Books
© Grace Bible College Library 2025